| 000 | 00814cam a22002415a 4500 | ||
|---|---|---|---|
| 001 | 18358398 | ||
| 005 | 20160504110607.0 | ||
| 008 | 141103t2015 maua frb 000 0 eng d | ||
| 020 | _a9780124172951 | ||
| 040 |
_aDLC _beng _cDLC _dEG-ScBUE |
||
| 082 | 0 | 4 |
_222 _a005.1 _bSHA |
| 245 | 0 | 0 |
_aSharing data and models in software engineering / _cTim Menzies ... [et al.] ; foreword by Prem Devanbu. |
| 260 |
_aWaltham : _bMorgan Kaufmann / Elsevier, _cc.2015. |
||
| 300 |
_axxvii, 378 p. : _bill. ; _c24 cm. |
||
| 504 | _aBibliography : p. 357-378. | ||
| 650 | 7 |
_2BUEsh _93832 _aSoftware engineering. |
|
| 650 | 7 |
_912448 _aData structures (Computer science) _2BUEsh |
|
| 651 | _2BUEsh | ||
| 653 |
_bCOMSCI _cMay2016 |
||
| 700 | 1 | _aMenzies, Tim | |
| 700 | 1 |
_aDevanbu, Prem, _eauthor of introduction, etc. |
|
| 942 | _2ddc | ||
| 999 |
_c21695 _d21667 |
||